Bilecik Bilecik Bilecik Bilecik Bilecik

Eğitim mühendisi : (Record no. 33052)

MARC details
000 -BAŞLIK
Sabit Uzunluktaki Kontrol Alanı 01187nam a22003617a 4500
001 - KONTROL NUMARASI
Control Dosyası 0032920
003 - KONTROL NUMARASI KİMLİĞİ
Kontrol Alanı KOHA_MİRAKIL
005 - EN SON İŞLEM TARİHİ ve ZAMANI
Kontrol Alanı 20260207002841.0
007 - FİZİKSEL TANIM SABİT ALAN - GENEL BİLGİ
Sabit uzunluklu kontrol alanı ta
008 - SABİT UZUNLUKTAKİ VERİ ÖGELERİ - GENEL BİLGİ
Sabit Alan 111006b2009 tu a|||gr||||#||||0|tur |
020 ## - ISBN - ULUSLARARASI STANDART KİTAP NUMARASI
Isbn 9789944880329
Kullanılabilirlik koşulları 15
040 ## - KATALOGLAMA KAYNAĞI
Özgün Kataloglama Kurumu TR-BiSEU
Kataloglama Dili tur
Çeviri Kurumu TR-BiSEU
Açıklama Kuralları rda
041 0# - DİL KODU
Metin ya da ses kaydının dil kodu tur
044 ## - YAYINLAYAN/ÜRETEN KURULUŞUN ÜLKE KODU
ISO country code tu
050 ## - SINIFLAMA ve YER NUMARASI
Sınıflama Numarası LA2383.T9
Yer Numarası A45 2009
100 1# - KİŞİ ADI
Yazar Adı (Kişi adı) Akıngüç, Fahamettin.
245 1# - ESER ADI BİLDİRİMİ
Başlık Eğitim mühendisi :
Alt Eseradı vb. Fahamettin Akıngüç kitabı/
Sorumluluk Bildirimi Fahamettin Akıngüç ; Fahamettin Akıngüç , söyleşi Serhat Öztürk.
250 ## - BASIM BİLDİRİMİ
Basım Bildirimi 2. Baskı.
264 #1 - ÜRERİM, YAYIN, DAĞITIM ve TELİF BİLDİRİMİ
Yayın yeri İstanbul :
Yayınlayan Türkiye İş Bankası Kültür Yayınları
Yayın tarihi 2009
300 ## - FİZİKSEL TANIMLAMA
Sayfa, Cilt vb. [10], 345 sayfa :
Diğer fiziki detaylar resimli ;
Boyutları 19cm.
336 ## - İÇERİK TÜRÜ
Content type term metin
Content type code txt
Source rdacontent
337 ## - MEDYA TÜRÜ
Media type term aracısız
Media type code n
Source rdamedia
338 ## - TAŞIYICI TÜRÜ
Carrier type term cilt
Carrier type code nc
Source rdacarrier
490 1# - DİZİ BİLDİRİMİ
Dizi Bildirimi Genel Yayın ;
Cilt Numarası 1179.
490 1# - DİZİ BİLDİRİMİ
Dizi Bildirimi Nehir Söyleşi ;
Cilt Numarası 25.
500 ## - GENEL NOT
Genel Not Dizin var.
650 #0 - KONU BAŞLIĞI EK GİRİŞ - KONU TERİMİ
Konusal terim veya coğrafi ad Akıngüç, Fahamettin 1926.
9 (RLIN) 64253
650 #0 - KONU BAŞLIĞI EK GİRİŞ - KONU TERİMİ
Konusal terim veya coğrafi ad Özel Okullar--Türkiye.
9 (RLIN) 64254
650 #0 - KONU BAŞLIĞI EK GİRİŞ - KONU TERİMİ
Konusal terim veya coğrafi ad Private Schools--Turkey.
9 (RLIN) 64255
830 1# - SERİ EK GİRİŞİ - TEKBİÇİM ESER ADI
Tekbiçim Başlık Genel Yayın ;
Volume number/sequential designation 1179.
9 (RLIN) 7447
830 1# - SERİ EK GİRİŞİ - TEKBİÇİM ESER ADI
Tekbiçim Başlık Nehir Söyleşi ;
Volume number/sequential designation 25.
9 (RLIN) 64256
942 ## - EK GİRİŞ ÖGELERİ (KOHA)
Source of classification or shelving scheme Library of Congress Classification
Koha item type Book
Holdings
Materyal Türü Kalıcı Konum Mevcut Konum Raf Yeri Sınıflandırma Kaynağı Edinim Bilgisi Ana Konular Alt Konular Yer Numarası Demirbaş Numarası Fatura Tarihi Maliyet, Alış Fiyatı Maliyet, Yenileme Fiyatı Geri Çekilme Durumu Kayıp Durumu Hasarlı Durumu Kredi için değil Kayıt Tarih Toplam Ödünçverme Son Görülme Tarihi Son Kontrol Tarihi Genel / Bağış Notu
Book Prof. Dr. Azmi Özcan Kütüphanesi Prof. Dr. Azmi Özcan Kütüphanesi Uluğbey Salonu Library of Congress Classification Bağış EĞİTİM Eğitim Tarihi LA2383.T9 A45 2009 0032920 02/02/2026 15.00 15.00         06/10/2011   05/12/2024 05/12/2024 Galatasaray Üniversitesi